| 000 | 00671nam a2200229 i 4500 | ||
|---|---|---|---|
| 001 | 16114 | ||
| 003 | ES-MaACL | ||
| 005 | 20240223125333.0 | ||
| 007 | t| | ||
| 008 | 000626s2000 sp |||| | spa d | ||
| 020 | _a84-7737-086-9 | ||
| 080 | _a946.027"1931/36" | ||
| 100 | 1 |
_aEsteban, José, _d1935- _948033 |
|
| 245 | 1 | 3 |
_aEl Madrid de la República / _cJosé Esteban. |
| 260 |
_aMadrid : _bSílex, _c2000. |
||
| 300 |
_a224 p. ; _c22 cm. |
||
| 490 | 1 |
_aBiblioteca de Madrid ; _v1 |
|
| 651 | 4 |
_aMadrid- _xHistoria- _y1931-1939. _9170920 |
|
| 830 | 0 |
_aBiblioteca de Madrid ; _v1 _9179884 |
|
| 852 |
_aES-MaACL _jL-23311 |
||
| 999 |
_c16114 _d16114 |
||